Countries with Other Countries in the Name - No Hints - Statistics

General Stats
  • This quiz has been taken 141 times
    137 since last reset
  • The average score is 5 of 11
Answer Stats
Answer % Correct
Guinea-Bissau
75%
South Sudan
63%
Equatorial Guinea
62%
D.R. Congo
61%
Nigeria
61%
Papua New Guinea
57%
Dominican Republic
56%
United Kingdom
38%
North Korea
26%
Somalia
23%
Romania
19%
No matching quizzes found
Score Distribution
Percent of People with Each Score
Percentile by Number Answered
Your Score History
You have not taken this quiz since the last reset